| 000 | 00644nam a2200205Ia 4500 | ||
|---|---|---|---|
| 003 | GCL | ||
| 008 | 140319s9999 xx 000 0 ara d | ||
| 040 |
_aGCL / _cGCL |
||
| 082 | 0 | 4 |
_a812.008 _bص ت |
| 100 | 1 | _aصلاح جاهين | |
| 245 | 1 | 0 |
_aالليلة الكبيرة : _bوخمس مسرحيات / _cصلاح جاهين |
| 250 | _aالاولى | ||
| 260 |
_aالقاهرة : _bمركز الاهرام للترجمة والنشر ، _c1992 |
||
| 300 |
_a348 ص ؛ _c18 سم |
||
| 490 | _a | ||
| 650 | 0 | 4 | _aالشعر العربى |
| 650 | 0 | 4 | _aالادب العربى |
| 650 | 0 | 4 | _aالفلكلور المصرى |
| 942 |
_2ddc _cBK |
||
| 999 |
_c54904 _d54904 |
||